|
|
|
|
| LEADER |
00820cam a2200229 a 4500 |
| 001 |
0000084803 |
| 005 |
20070305090000.0 |
| 040 |
|
|
|a mod
|
| 041 |
|
|
|a eng
|
| 020 |
0 |
0 |
|a 0071443290
|
| 090 |
0 |
0 |
|a 658.562
|b SIX
|e 2005
|
| 245 |
0 |
4 |
|a The Six Sigma black belt handbook
|c Tom McCarty ... [et al.]
|
| 260 |
0 |
0 |
|a New York
|b McGraw-Hill
|c 2005
|
| 300 |
0 |
0 |
|a xiv, 588 p.
|b ill.
|c 24 cm
|
| 440 |
0 |
0 |
|a Six sigma operational methods series
|
| 500 |
0 |
0 |
|a Includes bibliographical references and index
|
| 650 |
0 |
0 |
|a Six sigma (Quality control standard)
|x Handbooks, manuals, etc
|
| 650 |
0 |
0 |
|a Production management
|x Handbooks, manuals, etc
|
| 650 |
0 |
0 |
|a Quality control
|x Statistical methods
|x Handbooks, manuals, etc
|
| 700 |
1 |
1 |
|a McCarty
|h Tom
|
| 852 |
0 |
0 |
|a 01
|
| 999 |
|
|
|a 0252025
|b KEMENTAH
|d BOOKS
|e Umum
|f Perpustakaan KEMENTAH
|j AVAILABLE
|q GOOD CONDITION
|